000 01830nam2a22002651 4500
001 v19\rc\1782069
005 20250619073702.0
035 _a(NLR Aleph) 004875918
090 _a5130868
_c5130868
100 _a20061204d1904 |||y0rusy50 ca
101 0 _arus
102 _aRU
105 _ay z |||||
200 0 _a... в первый год своего существования и деятельности
_eОтчет, сост. по поручению Ком. секр. Содружества П.В. Верховским
210 _aСанкт-Петербург
_d1904
215 _a36 с.
461 0 _1001v19\rc\1782068
_12001#$aСостоящее при "Обществе распространения религиозно-нравственного просвещения в духе православной церкви" Христианское содружество учащейся молодежи...$e[Отчет]$v... в первый год своего существования и деятельности
_95130861
_aПетербургское христианское содружество учащейся молодежи
_cСанкт-Петербург
_d1904-1905
_o[Отчет]
_tСостоящее при "Обществе распространения религиозно-нравственного просвещения в духе православной церкви" Христианское содружество учащейся молодежи...
_v... в первый год своего существования и деятельности
702 1 _aВерховский
_bП.В.
_4220
801 0 _aRU
_bNLR
_gpsbo
801 0 _aRU
_bRuMoRGB
_2psbo
801 1 _aRU
_bProSoft-M
_2rusmarc
852 _aNLR
_j37.60.1.282(1)
852 _aNLR
_j37.60.1.282
942 _cBOOK
980 _aNB